Library Logo

বাংলাদেশে বামপন্থী রাজনীতি / (Record no. 197442)

000 -LEADER
fixed length control field 00715nam a22001937a 4500
003 - CONTROL NUMBER IDENTIFIER
control field BD-DhUL
005 - DATE AND TIME OF LATEST TRANSACTION
control field 20170516104816.0
008 - FIXED-LENGTH DATA ELEMENTS--GENERAL INFORMATION
fixed length control field 170516b2005 B p|||| |||| 00| 0 B d
020 ## - INTERNATIONAL STANDARD BOOK NUMBER
International Standard Book Number 9848561005
040 ## - CATALOGING SOURCE
Original cataloging agency BD-DhUL
Transcribing agency BD-DhUL
082 ## - DEWEY DECIMAL CLASSIFICATION NUMBER
Classification number 324.2549207
Item number KAB
100 #1 - MAIN ENTRY--PERSONAL NAME
Personal name করিম, আবু
245 10 - TITLE STATEMENT
Title বাংলাদেশে বামপন্থী রাজনীতি /
Statement of responsibility, etc. আবু করিম
260 ## - PUBLICATION, DISTRIBUTION, ETC. (IMPRINT)
Place of publication, distribution, etc. ঢাকা :
Name of publisher, distributor, etc. সাহিত্য সমাবেশ,
Date of publication, distribution, etc. ২০০৫.
300 ## - PHYSICAL DESCRIPTION
Extent ২৩৫ পৃ. ;
Dimensions ২২ সেমি.
650 #4 - SUBJECT ADDED ENTRY--TOPICAL TERM
Topical term or geographic name as entry element বামপন্থী রাজনীতি
Geographic subdivision বাংলাদেশ
650 #4 - SUBJECT ADDED ENTRY--TOPICAL TERM
Topical term or geographic name as entry element Left Politics
Geographic subdivision Bangladesh
942 ## - ADDED ENTRY ELEMENTS (KOHA)
Source of classification or shelving scheme
Koha item type Books
Holdings
Price effective from Date last seen Permanent Location Not for loan Date acquired Source of classification or shelving scheme Koha item type Lost status Withdrawn status Copy number Source of acquisition Collection code Damaged status Shelving location Barcode Current Location Full call number
2017-05-162017-05-16Dhaka University LibraryNot For Loan2017-05-16 Books  1GiftNon Fiction Dr. Aftab Ahmed Collection438871Dhaka University Library324.2549207 KAB
Last Updated on September 15, 2019
© Dhaka University Library. All Rights Reserved|Staff Login